<?xml version="1.0" encoding="UTF-8"?>
<record
    xmlns:xsi="http://www.w3.org/2001/XMLSchema-instance"
    xsi:schemaLocation="http://www.loc.gov/MARC21/slim http://www.loc.gov/standards/marcxml/schema/MARC21slim.xsd"
    xmlns="http://www.loc.gov/MARC21/slim">

  <leader>00632nam a22001817a 4500</leader>
  <controlfield tag="003">LK-CoDNM</controlfield>
  <controlfield tag="005">20241025122152.0</controlfield>
  <controlfield tag="008">241022b        |||||||| |||| 00| 0 eng d</controlfield>
  <datafield tag="040" ind1=" " ind2=" ">
    <subfield code="a">LK-CoDNM</subfield>
    <subfield code="d">LK-CoDNM</subfield>
    <subfield code="e">LK-CoDNM</subfield>
  </datafield>
  <datafield tag="041" ind1=" " ind2=" ">
    <subfield code="a">sin</subfield>
  </datafield>
  <datafield tag="080" ind1=" " ind2=" ">
    <subfield code="a">&#xDB4;&#xDCA;&#x200D;&#xDBB;.&#xDC0;</subfield>
    <subfield code="b">5.1</subfield>
  </datafield>
  <datafield tag="245" ind1=" " ind2=" ">
    <subfield code="a">&#xDC0;&#xDCF;&#xD9C;&#xDD3;&#xDC1;&#xDDC;&#xDAF;&#xDBA; &#xDC3;&#xD82;&#xD9C;&#xDCA;&#x200D;&#xDBB;&#xDC4;&#xDBA; </subfield>
    <subfield code="b">1 - &#xD9A;&#xDCF;&#xDAB;&#xDCA;&#xDA9;&#xDBA; </subfield>
    <subfield code="c">&#xD9A;&#xDCA;&#x200D;&#xDBB;&#xDD2;.&#xDC0; 1 , 2 , 3    1 -  &#xD9A;&#xDBD;&#xDCF;&#xDB4;&#xDBA;  1938 </subfield>
  </datafield>
  <datafield tag="300" ind1=" " ind2=" ">
    <subfield code="a">54P.   :   ILL ;   22  CM</subfield>
  </datafield>
  <datafield tag="650" ind1=" " ind2=" ">
    <subfield code="a">&#xDB4;&#xDCA;&#x200D;&#xDBB;.&#xDC0; 5.1</subfield>
  </datafield>
  <datafield tag="650" ind1=" " ind2=" ">
    <subfield code="a">&#xD9A;&#xDCA;&#x200D;&#xDBB;&#xDD2;.&#xDC0; 1 , 2 , 3    1 -  &#xD9A;&#xDBD;&#xDCF;&#xDB4;&#xDBA;  1938 </subfield>
  </datafield>
  <datafield tag="650" ind1=" " ind2=" ">
    <subfield code="a">1 - &#xD9A;&#xDCF;&#xDAB;&#xDCA;&#xDA9;&#xDBA; </subfield>
  </datafield>
  <datafield tag="942" ind1=" " ind2=" ">
    <subfield code="c">BK</subfield>
  </datafield>
  <datafield tag="952" ind1=" " ind2=" ">
    <subfield code="0">0</subfield>
    <subfield code="1">0</subfield>
    <subfield code="4">1</subfield>
    <subfield code="7">0</subfield>
    <subfield code="8">OBC</subfield>
    <subfield code="a">MAIN</subfield>
    <subfield code="b">MAIN</subfield>
    <subfield code="c">REF</subfield>
    <subfield code="d">2024-10-25</subfield>
    <subfield code="l">0</subfield>
    <subfield code="o">&#xDB4;&#xDCA;&#x200D;&#xDBB;.&#xDC0; 5.1</subfield>
    <subfield code="p">OJP4371-1</subfield>
    <subfield code="r">2024-10-25</subfield>
    <subfield code="w">2024-10-25</subfield>
    <subfield code="y">BK</subfield>
  </datafield>
  <datafield tag="999" ind1=" " ind2=" ">
    <subfield code="c">222902</subfield>
    <subfield code="d">222902</subfield>
  </datafield>
</record>
